Loading...
| Literature - World Literature | 0 | 6 | 1 | 0 | 55 | 78 | 92.00 | 2 | 6 |
| Literature - American Literature | 0 | 4 | 0 | 0 | 40 | 78 | 100.50 | 1 | 4 |
| Literature - British Literature | 0 | 4 | 0 | 0 | 40 | 107 | 118.50 | 0 | 3 |
| Science - Other Science | 1 | 1 | 0 | 1 | 25 | 40 | 87.50 | 0 | 1 |
| Science - Chemistry | 0 | 3 | 1 | 0 | 25 | 69 | 82.33 | 0 | 3 |
| Literature - European Literature | 0 | 3 | 2 | 0 | 20 | 77 | 100.33 | 2 | 2 |
| Social Science | 0 | 2 | 0 | 1 | 20 | 66 | 102.00 | 2 | 2 |
| History - World History | 1 | 0 | 0 | 0 | 15 | 19 | 19.00 | 1 | 1 |
| Mythology | 0 | 1 | 0 | 1 | 10 | 142 | 142.00 | 0 | 1 |
| Fine Arts - Other Fine Arts | 0 | 1 | 0 | 1 | 10 | 124 | 124.00 | 0 | 1 |
| Science - Physics | 0 | 1 | 0 | 0 | 10 | 77 | 77.00 | 0 | 1 |
| Philosophy | 0 | 1 | 1 | 0 | 5 | 89 | 89.00 | 1 | 1 |
| Science - Biology | 0 | 1 | 1 | 0 | 5 | 82 | 82.00 | 1 | 1 |
| Pop Culture | 0 | 0 | 1 | 0 | -5 | 0.00 | 0 | 0 | |
| Fine Arts - Visual Fine Arts | 0 | 0 | 1 | 0 | -5 | 0.00 | 0 | 0 |